German Cars by Picture - Statistics

General Stats
  • This quiz has been taken 251 times
    235 since last reset
  • The average score is 40 of 100
Answer Stats
Picture Answer % Correct
Porsche 911 Carrera
95%
BMW M3 CS
86%
BMW M5
80%
BMW M2
78%
Audi R8
77%
Porsche Taycan
76%
Porsche Cayenne
74%
BMW X5
72%
Volkswagen Golf Mk8
70%
Audi S6
68%
Mercedes-Benz G-Class
66%
Audi A7
65%
BMW 6 Series
65%
BMW M1
65%
BMW M8
65%
BMW X3
65%
Audi A3
64%
BMW X6
64%
BMW X7
64%
Porsche 918 Spyder
64%
BMW i8
62%
Porsche Panamera
62%
Mercedes-Benz S-Class
61%
Volkswagen Beetle
61%
Audi A4
59%
Porsche Macan
59%
Mercedes-Benz C-Class
58%
BMW X1
57%
Audi A5
55%
Audi Q5
55%
Audi TT RS
55%
Mercedes-Benz E-Class
55%
Porsche Carrera GT
55%
Audi A8
53%
Audi Q7
53%
Audi Q3
51%
Porsche Cayman
51%
BMW Z4
50%
Volkswagen Passat
50%
Volkswagen Polo
50%
Mercedes-Benz AMG GT
49%
Mercedes-Benz GLC Coupe
47%
Mercedes-Benz GLS
45%
Opel Astra
43%
BMW Z8
42%
Mercedes-Benz 300SL
42%
Smart Fortwo
42%
Volkswagen Tiguan
42%
Mercedes-Benz GLA
41%
Opel Corsa
41%
BMW Isetta
39%
Volkswagen Touareg
39%
Porsche 928
38%
Volkswagen Arteon
38%
BMW 2002 Turbo
36%
Opel Insignia
35%
Porsche 959
35%
Audi Quattro
34%
Mercedes-Benz EQS
34%
Porsche Boxster
34%
Smart Forfour
34%
Volkswagen T-Roc
34%
Opel Mokka
31%
Gumpert Apollo
30%
Audi 80
28%
Porsche 356
28%
Porsche 944
27%
Apollo IE
26%
Opel Grandland X
26%
Audi 100 Coupe
24%
Volkswagen Corrado
23%
Opel Kadett GSi
22%
BMW 507
20%
Porsche 914
20%
Ruf CTR
20%
Volkswagen Karmann Ghia
20%
Mercedes-Benz CLK GTR
19%
Opel Crossland X
19%
Mercedes-Benz SL-Class
18%
Mercedes-Benz W123
18%
Opel Manta
18%
Porsche 550
16%
Opel Calibra
15%
Volkswagen Type 181
15%
BMW 3.0 CS
12%
Trabant 601
12%
Volkswagen T1
12%
Mercedes-Benz W120/121
11%
NSU Ro80
9%
Opel Lotus Omega
9%
Mercedes-Benz 560 SEC
8%
Ruf RtR
8%
Messerschmitt KR200
7%
Melkus RS1000
5%
Isdera Imperator 108i
4%
Wartburg 353
4%
Artega GT
3%
Borgward Isabella
3%
Mercedes-Benz 500 SLC
3%
Ruf SCR
3%
No matching quizzes found
Score Distribution
Percent of People with Each Score
Percentile by Number Answered
Your Score History
You have not taken this quiz since the last reset